Giáo trình kế toán tài chính : (Dùng cho đối tượng không chuyên)
Nội dung sách bao gồm: Tổ chức công tác kế toán tài chính doanh nghiệp; kế toán các yếu tố của quá trình sản xuất; kế toán các yếu tố quá trình sản xuất kinh doanh; kế toán các khoản đầu tư tài chính....
Đã lưu trong:
| 主要作者: | |
|---|---|
| 格式: | 图书 |
| 语言: | Undetermined |
| 出版: |
Hà Nội
Tài Chính
2008
|
| 主题: | |
| 标签: |
添加标签
没有标签, 成为第一个标记此记录!
|
| Thư viện lưu trữ: | Trung tâm Học liệu Trường Đại học Cần Thơ |
|---|
| LEADER | 01033nam a2200229Ia 4500 | ||
|---|---|---|---|
| 001 | CTU_150242 | ||
| 008 | 210402s9999 xx 000 0 und d | ||
| 020 | |c 55000 | ||
| 082 | |a 657.8333 | ||
| 082 | |b Ch300 | ||
| 100 | |a Ngô, Thế Chi | ||
| 245 | 0 | |a Giáo trình kế toán tài chính : | |
| 245 | 0 | |b (Dùng cho đối tượng không chuyên) | |
| 245 | 0 | |c Chủ biên Ngô Thế Chi, Trương Thị Thuỷ ; Học viện tài chính | |
| 260 | |a Hà Nội | ||
| 260 | |b Tài Chính | ||
| 260 | |c 2008 | ||
| 520 | |a Nội dung sách bao gồm: Tổ chức công tác kế toán tài chính doanh nghiệp; kế toán các yếu tố của quá trình sản xuất; kế toán các yếu tố quá trình sản xuất kinh doanh; kế toán các khoản đầu tư tài chính. | ||
| 650 | |a Finance,Tài chính | ||
| 650 | |x Accounting,Kế toán | ||
| 904 | |i Tuyến | ||
| 980 | |a Trung tâm Học liệu Trường Đại học Cần Thơ | ||